| 000 | 01018cam a22003137a 4500 | ||
|---|---|---|---|
| 003 | CHAP | ||
| 005 | 20220329142250.0 | ||
| 008 | 000407d1997 us a r 00110 eng d | ||
| 010 | _a80763 | ||
| 011 | _a81735 | ||
| 020 | _a0881923826 | ||
| 035 | _a92212 | ||
| 040 | _cCHAP | ||
| 082 | 0 | 4 |
_a635.93315 _bG3 |
| 100 | 0 | 0 |
_aGalbally, John. _944210 |
| 245 | 1 | 0 |
_aCarnations and pinks for garden and greenhouse : _btheir true history and complete cultivation _c/by John Galbally and Eileen Galbally |
| 260 |
_aPortland : _bTimber Press, _c1997. |
||
| 300 |
_a310 p. : _bilus. |
||
| 590 |
_aBATCH-UPD _b10 _c20130110 _lUCH01 _h0431 |
||
| 590 |
_aBATCH-UPD _b10 _c20130110 _lUCH01 _h2150 |
||
| 590 |
_aCONVERSION _b10 _c20130109 _lUCH01 _h1345 |
||
| 650 | 1 | 4 |
_aClavel. _923698 |
| 650 | 1 | 4 |
_aClavel _xVariedades. _923711 |
| 700 | 0 |
_aGalbally, Eileen. _944209 |
|
| 901 | _aBK | ||
| 905 | _aGuadalupe Pinto C. | ||
| 942 | _cLIBRO | ||
| 949 |
_a635.93315 G3 _bBC _cLIBRO _d33724000757373 _eLIBRO _gI. 203117 _h97706 _i92212 _si _t$531.00 |
||
| 999 |
_c80763 _d80763 |
||